000 00338nam a22001337a 4500
020 _a0000000578240
040 _cNUST
082 _a891.4393 SID
100 _aSiddiqui, Sadiq Hussain
_989562
245 _aEmad Ud Din Zangi
260 _aLAHORE:
_bSeventh Sky Publication,
_c2018.
650 _aUrdu Adab-Novel
_989563
942 _2ddc
_cBK
999 _c587597
_d587597